Acción destructora de los murciélagos en las obras de arte (Record no. 176655)

MARC details
000 -LEADER
campo de control de longitud fija 01232nam a22002295i 4500
001 - NÚMERO DE CONTROL
campo de control 176655
003 - IDENTIFICADOR DE NÚMERO DE CONTROL
campo de control ES-MaACL
005 - FECHA Y HORA DE LA ÚLTIMA TRANSACCIÓN
campo de control 20230906220144.0
008 - DATOS DE LONGITUD FIJA--INFORMACIÓN GENERAL
campo de control de longitud fija 110131s1968 sp af |||| | spa d
080 ## - NÚMERO DE LA CLASIFICACIÓN DECIMAL UNIVERSAL
Número de la Clasificación Decimal Universal 7.025.3/.4
245 00 - MENCIÓN DEL TÍTULO
Título Acción destructora de los murciélagos en las obras de arte
Resto del título . Nuevas tablas de Morales y del maestro de Portillo . Tratamiento de materiales metálicos de Miraveche (Burgos). Tratamiento de pinturas murales.
260 ## - PUBLICACIÓN, DISTRIBUCIÓN, ETC.
Lugar de publicación, distribución, etc. [Madrid] :
Nombre del editor, distribuidor, etc. Dirección General de Bellas Artes,
Fecha de publicación, distribución, etc. [1968]
300 ## - DESCRIPCIÓN FÍSICA
Extensión 46, V, [13] p. de lám. :
Otras características físicas il. ;
Dimensiones 28 cm.
490 1# - MENCIÓN DE SERIE
Mención de serie Informes y trabajos del Instituto de Conservación y Restauración de Obras de Arte, Arqueología y Etnología ;
Designación de volumen o secuencia 7
500 ## - NOTA GENERAL
Nota general Tít. tomado de la cub.
650 04 - PUNTO DE ACCESO ADICIONAL DE MATERIA--TÉRMINO DE MATERIA
Término de materia o nombre geográfico como elemento de entrada Obras de arte-
Subdivisión general Restauración-
Subdivisión geográfica España.
9 (RLIN) 171254
710 1# - ENTRADA AGREGADA--NOMBRE DE ENTIDAD CORPORATIVA
Nombre de entidad corporativa o nombre de jurisdicción como elemento de entrada España.
Unidad subordinada Dirección General de Bellas Artes.
9 (RLIN) 3704
710 2# - ENTRADA AGREGADA--NOMBRE DE ENTIDAD CORPORATIVA
Nombre de entidad corporativa o nombre de jurisdicción como elemento de entrada Instituto Central de Restauración y Conservación de Obras y Objetos de Arte, Arqueología y Etnología (España)
9 (RLIN) 163129
830 1# - PUNTO DE ACCESO ADICIONAL DE SERIE-TÍTULO UNIFORME
Título uniforme Informes y trabajos del Instituto de Conservación y Restauración de Obras de Arte, Arqueología y Etnología ;
Designación de volumen o secuencia 7
9 (RLIN) 190191
852 ## - LOCALIZACIÓN
Ubicación ES-MaACL
Número de control de estantería 2287-F-9
Encuadernación Olim P-1478
Holdings
Estatus retirado Estado de pérdida Estado de daño No para préstamo Colección Biblioteca de origen Biblioteca actual Ubicación en estantería Fecha de adquisición Fuente de adquisición Total de préstamos Signatura topográfica completa Código de barras Visto por última vez Precio de reemplazo Tipo de ítem Koha
        Colección de folletos Biblioteca del Ateneo de Madrid Biblioteca del Ateneo de Madrid Depósito folletos 31/01/2011     2287-F-9 1185521 23/02/2023 23/02/2023 Folleto